[Event "Malaysian Open"]
[Site "Kuala Lumpur MAS"]
[Date "2011.08.22"]
[Round "6.28"]
[White "Chen, Yibo"]
[Black "Yong, Han Shawn"]
[Result "1-0"]
[WhiteElo "2152"]
[BlackElo "1824"]
[WhiteFideId "8605815"]
[BlackFideId "5802377"]
[EventDate "2011.08.18"]

1. d4 Nf6 2. Nf3 e6 3. c4 d5 4. Nc3 Nbd7 5. Bg5 Bb4 6. e3 c5 7. cxd5 exd5 8. Bd3
Qa5 9. Qc2 c4 10. Bf5 O-O 11. O-O Re8 12. Ne2 Ne4 13. Ng3 Nxg5 14. Nxg5 g6 15.
Bxd7 Bxd7 16. e4 Qd8 17. Nf3 dxe4 18. Ne5 Rc8 19. Qxe4 f6 20. Qxb7 fxe5 21. Qxb4
exd4 22. Rfd1 Be6 23. Ne4 Bg4 24. f3 Rxe4 25. fxe4 Bxd1 26. Rxd1 d3 27. Qc3 Qb6+
28. Kh1 Qe6 29. Qd4 Re8 30. e5 Re7 31. h3 Kg7 32. b3 Rd7 33. Qxc4 Qxc4 34. bxc4
Kf7 35. c5 Ke6 36. c6 Rc7 37. Rxd3 Rxc6 38. Ra3 a6 39. Ra5 Kf5 40. Kh2 Kf4 41.
Rd5 Re6 42. Ra5 Rc6 43. g3+ Kf3 44. h4 h5 45. Ra4 Re6 46. Rf4+ Ke3 47. Rf6 Rxe5
48. Rxa6 g5 49. hxg5 Rxg5 50. a4 Kf3 51. Rf6+ Ke4 52. Rf4+ Ke3 53. Kh3 Ra5 54.
Kh4 Ke2 55. Rf6 Ke3 56. Rg6 Rxa4+ 57. Kxh5 Kf3 58. g4 Ra1 59. Rf6+ Ke4 60. Kg6
Ke5 61. g5 Rg1 62. Rf2 Rg3 63. Kh6 Rh3+ 64. Kg7 Ke6 65. g6 Rg3 66. Rf7 Rg1 67.
Kh7 Rg2 68. Ra7 Rh2+ 69. Kg8 Rf2 70. Rf7 Rg2 71. g7 Ra2 72. Rf1 Rb2 73. Ra1 Rg2
74. Kh8 Kf7 75. Rf1+ 1-0

[Event "Malaysian Open"]
[Site "Kuala Lumpur MAS"]
[Date "2011.08.22"]
[Round "6.31"]
[White "Wang, Yiye"]
[Black "Ismail, Ahmad"]
[Result "1-0"]
[WhiteElo "2262"]
[BlackElo "1989"]
[WhiteFideId "8606021"]
[BlackFideId "5700655"]
[EventDate "2011.08.18"]

1. e4 d5 2. exd5 Nf6 3. Nf3 Nxd5 4. d4 g6 5. Be2 Bg7 6. O-O O-O 7. h3 Nd7 8. c4
N5f6 9. Nc3 c6 10. Be3 Qc7 11. Qd2 Rd8 12. Rfd1 Nc5 13. Bf4 Qa5 14. Qe3 Ne6 15.
Be5 Ne8 16. d5 cxd5 17. cxd5 N6c7 18. Bxg7 Nxg7 19. Qxe7 Re8 20. Qf6 Bf5 21. Ne5
Rf8 22. Nc4 Qb4 23. d6 Nce8 24. Qh4 f6 25. Nd5 Qa4 26. Ne7+ Kh8 27. d7 Nc7 28.
d8=Q Raxd8 29. Rxd8 Rxd8 1-0

[Event "Malaysian Open"]
[Site "Kuala Lumpur MAS"]
[Date "2011.08.22"]
[Round "6.33"]
[White "Lee, Kah Meng Elgin"]
[Black "Lim, Zhuo Ren"]
[Result "1/2-1/2"]
[WhiteElo "1985"]
[BlackElo "2155"]
[WhiteFideId "5701996"]
[BlackFideId "5702488"]
[EventDate "2011.08.18"]

1. d4 d6 2. c4 e5 3. d5 f5 4. Nc3 Nf6 5. Qc2 a5 6. e4 fxe4 7. Nxe4 Na6 8. Nf3
Nb4 9. Qb1 Nxe4 10. Qxe4 Qf6 11. Bd3 Nxd3+ 12. Qxd3 Be7 13. Be3 Qf5 14. Qxf5
Bxf5 15. Nd2 c6 16. Rc1 Kd7 17. Ke2 a4 18. f3 Rhc8 19. Rhd1 cxd5 20. cxd5 b5 21.
Ne4 h6 22. a3 Bg6 23. Rxc8 Rxc8 24. Rc1 Rxc1 25. Bxc1 Kc7 26. Be3 Kb7 27. Bd2
Bf7 28. Bb4 Bxd5 29. Bxd6 Bf6 30. Nxf6 gxf6 31. Be7 f5 32. Bf6 e4 33. fxe4 Bxe4
34. g3 Kc6 35. Ke3 Kd5 36. h4 h5 37. Bg7 Bc2 38. Bc3 Bd1 39. Bg7 Kc4 40. Bf6 Bg4
41. Bg7 Kb3 42. Bf6 Kc2 43. Bg7 Bh3 44. Bf6 Kb3 45. Be5 Ka2 46. Bf6 Kb1 47. Be5
Kc1 48. Bf6 Kd1 49. Be5 Bg2 50. Bf6 Kc2 51. Be5 Kb3 52. Bf6 Ka2 53. Be5 Ka1 54.
Bf6 Kb1 55. Be5 Kc1 56. Bf6 Kd1 57. Be5 Ke1 58. Bf6 Kf1 59. Be5 Kg1 60. Bf6 Kh2
61. Kf4 Bh3 62. Be5 Kg2 63. Bf6 Kf2 64. Be5 Ke2 65. Bf6 Ke1 66. Be5 Kf1 67. Bf6
Kf2 68. Be5 1/2-1/2

[Event "Malaysian Open"]
[Site "Kuala Lumpur MAS"]
[Date "2011.08.22"]
[Round "6.35"]
[White "Zulfic, Fedja"]
[Black "Siew, Kit-Tze Mark"]
[Result "1-0"]
[WhiteElo "2098"]
[BlackElo "1972"]
[WhiteFideId "3208427"]
[BlackFideId "5706017"]
[EventDate "2011.08.18"]

1. d4 d6 2. e4 Nf6 3. Nc3 g6 4. f4 Bg7 5. Nf3 O-O 6. e5 Nfd7 7. h4 c5 8. h5 cxd4
9. hxg6 Nxe5 10. Nxe5 hxg6 11. Qxd4 dxe5 12. Qg1 f5 13. fxe5 Qc7 14. Bf4 Be6 15.
Bd3 Nd7 16. Qh2 Kf7 17. O-O-O Rh8 18. Qg3 Bxe5 19. Rhf1 Bxf4+ 20. Rxf4 Nf6 21.
Qe3 Qb6 22. Qe5 Rad8 23. g4 Nd7 24. Qe2 g5 25. gxf5 gxf4 26. fxe6+ Kf8 27. exd7
Rxd7 28. Rf1 Rh4 29. Qe5 Qh6 30. Qf5+ Ke8 31. Bb5 e6 32. Qd3 Qg7 33. Rd1 Rh7 34.
Ne4 Kd8 35. Bxd7 Qxd7 36. Qf3 1-0

[Event "Malaysian Open"]
[Site "Kuala Lumpur MAS"]
[Date "2011.08.22"]
[Round "6.36"]
[White "Narayanan, Renitha"]
[Black "Cai, Jiaying"]
[Result "1-0"]
[WhiteElo "1717"]
[BlackElo "2094"]
[WhiteFideId "5702909"]
[BlackFideId "8604312"]
[EventDate "2011.08.18"]

1. d4 d5 2. c4 c6 3. cxd5 cxd5 4. Nc3 Nf6 5. Nf3 Nc6 6. Bg5 Ne4 7. Bf4 Nxc3 8.
bxc3 g6 9. e3 Bg7 10. Bd3 O-O 11. O-O Kh8 12. h3 f6 13. Bg3 e5 14. Nd2 Be6 15.
Rb1 Qe7 16. Qb3 b6 17. f4 exd4 18. exd4 Na5 19. Qb2 Qd7 20. Rbe1 Bf5 21. Qc2
Bxd3 22. Qxd3 Rac8 23. Rf3 Rfe8 24. Rfe3 Bh6 25. Qe2 Rxe3 26. Qxe3 Bf8 27. Bh4
Rc6 28. Kh1 Kg7 29. Re2 Kf7 30. Qd3 Re6 31. Bg3 Rxe2 32. Qxe2 Bd6 33. Qe3 Qa4
34. Nf3 Qd1+ 35. Kh2 Nc4 36. Qf2 Qc1 37. Ne5+ Kg7 38. Nxc4 dxc4 39. Qf3 Kh6 40.
a4 Qd2 41. h4 f5 42. h5 Bc7 43. hxg6 hxg6 44. Qa8 1-0

[Event "Malaysian Open"]
[Site "Kuala Lumpur MAS"]
[Date "2011.08.22"]
[Round "6.40"]
[White "Subramaniam, Sumant"]
[Black "Iskandar, Bin Abdullah"]
[Result "0-1"]
[WhiteElo "2117"]
[BlackElo "1956"]
[WhiteFideId "5702720"]
[BlackFideId "5802105"]
[EventDate "2011.08.18"]

1. e4 e6 2. d4 d5 3. Nc3 Bb4 4. e5 c5 5. a3 Bxc3+ 6. bxc3 Qa5 7. Bd2 Qa4 8. Nf3
Nc6 9. Be3 c4 10. Be2 Nge7 11. O-O Bd7 12. Bg5 O-O-O 13. Qd2 h6 14. Bxe7 Nxe7
15. Rfb1 Nc6 16. Qc1 Kb8 17. Qb2 Bc8 18. Nd2 Ka8 19. Nb3 cxb3 20. cxb3 Qa5 21.
a4 Bd7 22. b4 Qc7 23. a5 Rc8 24. b5 Nxe5 25. dxe5 Qxc3 26. Qa2 Kb8 27. Rb3 Qc2
28. Rb2 Qc5 29. Rab1 f6 30. exf6 gxf6 31. Qb3 Qc3 32. Qd1 Rc5 33. Rb3 Qe5 34. g3
Rhc8 35. Qf1 d4 36. f4 Qd6 37. Bf3 Rc3 38. a6 b6 39. Bb7 R8c5 40. R3b2 d3 41.
Bf3 Qd4+ 42. Kh1 Rc2 43. Rxc2 dxc2 44. Rc1 Bxb5 45. Qe1 Qd3 46. Bg2 Bc6 47. Bxc6
Rxc6 48. Kg2 Rd6 49. Kh3 h5 50. Qh1 Qf5+ 51. Kg2 Rd2+ 0-1

[Event "Malaysian Open"]
[Site "Kuala Lumpur MAS"]
[Date "2011.08.22"]
[Round "6.41"]
[White "Zelesco, Karl"]
[Black "Limono, Handjojo"]
[Result "0-1"]
[WhiteElo "2013"]
[BlackElo "1916"]
[WhiteFideId "3213390"]
[BlackFideId "7102909"]
[EventDate "2011.08.18"]

1. e4 e6 2. d4 d5 3. Nc3 Nf6 4. e5 Nfd7 5. f4 c5 6. Nf3 Nc6 7. Be3 cxd4 8. Nxd4
a6 9. Qd2 Bb4 10. Be2 Nc5 11. Bf3 Na4 12. a3 Bxc3 13. bxc3 0-1

[Event "Malaysian Open"]
[Site "Kuala Lumpur MAS"]
[Date "2011.08.22"]
[Round "6.42"]
[White "Milligan, Helen"]
[Black "Lee, T H Bryan"]
[Result "1-0"]
[WhiteTitle "WFM"]
[WhiteElo "1965"]
[BlackElo "1988"]
[WhiteFideId "2401312"]
[BlackFideId "6000584"]
[EventDate "2011.08.18"]

1. e4 e5 2. Nf3 Nc6 3. Bb5 a6 4. Ba4 Nf6 5. O-O Nxe4 6. Re1 Nc5 7. Bxc6 dxc6 8.
d4 Ne6 9. dxe5 Qxd1 10. Rxd1 Bc5 11. Nc3 b5 12. Ne2 Bb6 13. b3 O-O 14. Ba3 c5
15. c4 Bb7 16. Bb2 Rfd8 17. Kf1 Kf8 18. Ne1 Nd4 19. f3 Ke8 20. Rac1 Rd7 21. Nxd4
Rad8 22. Ke2 Rxd4 23. Bxd4 cxd4 24. Nd3 c6 25. cxb5 axb5 26. Nc5 Bc8 27. Ne4 Bd7
28. Nc5 Bc8 29. a4 Rd5 30. Nd3 c5 31. axb5 Bd7 32. Ra1 Bxb5 33. Kd2 Bxd3 34.
Kxd3 Rxe5 35. Re1 Rxe1 36. Rxe1+ Kd7 37. Kc4 Ba5 38. Ra1 Bb4 39. Ra6 h6 40. Rb6
Ba3 41. Kd3 Ke7 42. Ra6 Bb4 43. Ke4 g6 44. g4 Bc3 45. h4 f6 46. h5 gxh5 47. gxh5
Kf7 48. f4 Bb4 49. f5 Kg7 50. Ra7+ Kg8 51. Kd3 Bc3 52. Kc4 Bb4 53. Rd7 Ba3 54.
Rb7 Kf8 55. Rh7 Bc1 56. Kxc5 d3 57. Rd7 d2 58. b4 Ke8 59. Rd3 Ke7 60. b5 Ba3+
61. Kc6 Bb4 62. b6 Bc3 63. b7 Be5 64. Rxd2 Bb8 65. Rd7+ Ke8 66. Rh7 Bf4 67. Rh8+
Kf7 68. b8=Q 1-0

[Event "Malaysian Open"]
[Site "Kuala Lumpur MAS"]
[Date "2011.08.22"]
[Round "6.45"]
[White "Klein, Gernot"]
[Black "Kia, Fatemeh"]
[Result "1-0"]
[WhiteElo "1919"]
[BlackElo "1772"]
[WhiteFideId "4695496"]
[BlackFideId "12507580"]
[EventDate "2011.08.18"]

1. e4 e6 2. Qe2 Nc6 3. g3 Bc5 4. Nf3 Nf6 5. Bg2 d6 6. O-O Bd7 7. d3 Qe7 8. Nbd2
Nb4 9. Nb3 Bb6 10. c3 Nc6 11. d4 O-O 12. Re1 Rfe8 13. Bd2 a5 14. Rad1 a4 15. Nc1
Na7 16. e5 Bb5 17. c4 dxe5 18. cxb5 exd4 19. Bg5 Rad8 20. Qc4 h6 21. Bxf6 Qxf6
22. Nd3 Qe7 23. Qxa4 Rd5 24. Re5 Rd6 25. Qc4 1-0

[Event "Malaysian Open"]
[Site "Kuala Lumpur MAS"]
[Date "2011.08.22"]
[Round "6.46"]
[White "Marret, Benjamin"]
[Black "Loh, Zachary"]
[Result "0-1"]
[WhiteElo "1821"]
[BlackElo "1769"]
[WhiteFideId "20605773"]
[BlackFideId "3210383"]
[EventDate "2011.08.18"]

1. Nf3 e6 2. d4 d5 3. e3 c6 4. Nbd2 f5 5. Ne5 Nf6 6. f4 Bd6 7. Ndf3 Ne4 8. Bd3
Nd7 9. O-O Ndf6 10. Bd2 O-O 11. Qe1 c5 12. c4 b6 13. b4 Nxd2 14. Qxd2 cxb4 15.
Nc6 Qc7 16. Nxb4 dxc4 17. Rfc1 b5 0-1

[Event "Malaysian Open"]
[Site "Kuala Lumpur MAS"]
[Date "2011.08.22"]
[Round "6.48"]
[White "Camilia, Bt. Johari"]
[Black "Kumar, Sri Shiva"]
[Result "1-0"]
[WhiteElo "1753"]
[BlackElo "1705"]
[WhiteFideId "5704677"]
[BlackFideId "5703808"]
[EventDate "2011.08.18"]

1. d4 Nf6 2. Nf3 d5 3. c4 g6 4. Nc3 Bg7 5. Bg5 c6 6. e3 O-O 7. Bd3 Bg4 8. h3
Bxf3 9. Qxf3 e6 10. O-O Nbd7 11. b4 Re8 12. b5 Rc8 13. c5 e5 14. bxc6 bxc6 15.
Qd1 exd4 16. exd4 Qa5 17. Bd2 Qc7 18. Ne2 Nh5 19. Qa4 Ra8 20. Ba6 Nb8 21. Bd3 a5
22. Rab1 Nd7 23. Rb3 Ra7 24. Rfb1 Rea8 25. Rb6 Nxb6 26. cxb6 Qd7 27. bxa7 Rxa7
28. Rb8+ Bf8 29. Qa3 Qe7 30. Qxe7 Rxe7 31. Bxa5 Nf6 32. Bb4 Re8 33. Rxe8 Nxe8
34. Bxf8 Kxf8 35. a4 Nd6 36. a5 Nc8 37. Nc3 Na7 38. Na4 Ke7 39. Nc5 Kd6 40. Kf1
Nc8 41. Ba6 Na7 42. Ke2 h6 43. Ke3 h5 44. Kf4 f6 45. Bd3 Nb5 46. Bxb5 cxb5 47.
a6 1-0

[Event "Malaysian Open"]
[Site "Kuala Lumpur MAS"]
[Date "2011.08.23"]
[Round "7.1"]
[White "Li, Shilong"]
[Black "Lu, Shanglei"]
[Result "1/2-1/2"]
[WhiteTitle "GM"]
[BlackTitle "IM"]
[WhiteElo "2520"]
[BlackElo "2526"]
[WhiteFideId "8600678"]
[BlackFideId "8603332"]
[EventDate "2011.08.18"]

1. d4 d5 2. c4 c6 3. Nf3 Nf6 4. e3 e6 5. Bd3 Nbd7 6. O-O Bd6 7. Nc3 O-O 8. e4
dxe4 9. Nxe4 Nxe4 10. Bxe4 Qc7 11. Bc2 b6 12. Qd3 g6 13. Bh6 Re8 14. Qc3 Bb7 15.
Rad1 Bf4 16. Bxf4 Qxf4 17. c5 e5 18. g3 Qf6 19. dxe5 Nxe5 20. Nxe5 Qxe5 21. Qxe5
Rxe5 22. cxb6 axb6 23. Bb3 Rae8 24. Rd7 R5e7 25. Rfd1 c5 26. Rxe7 Rxe7 27. f4 b5
28. Kf2 Kg7 29. Rd6 Be4 30. a3 h6 31. Bd1 Rb7 32. Ke3 Bg2 33. Be2 Kf8 34. Rd8+
Ke7 35. Rh8 h5 36. Ra8 b4 37. Bc4 bxa3 38. bxa3 Kd6 39. Ra6+ Bc6 40. a4 Kc7 41.
Bxf7 Rb2 42. a5 Rxh2 43. Ra7+ Kb8 44. Ra6 Kc7 45. Bxg6 Rh3 46. Kf2 Rh2+ 47. Ke3
Rh3 48. Kf2 Rh2+ 49. Ke3 Rh3 50. Be4 Bxe4 51. Kxe4 Rxg3 52. Rh6 Ra3 53. a6 c4
54. Kd4 c3 55. Kd3 Ra5 56. Kxc3 Rf5 57. a7 Kb7 58. Ra6 Ka8 59. Ra4 h4 60. Kd3 h3
61. Ke4 h2 62. Ra1 Ra5 63. Rh1 Ra2 64. Kf3 Kxa7 65. f5 Kb7 66. Kg3 Kc7 67. f6
Ra6 1/2-1/2

[Event "Malaysian Open"]
[Site "Kuala Lumpur MAS"]
[Date "2011.08.23"]
[Round "7.2"]
[White "Wang, Rui"]
[Black "Dimakiling, Oliver"]
[Result "1-0"]
[WhiteTitle "GM"]
[BlackTitle "IM"]
[WhiteElo "2436"]
[BlackElo "2414"]
[WhiteFideId "8601003"]
[BlackFideId "5202248"]
[EventDate "2011.08.18"]

1. d4 Nf6 2. c4 c6 3. Nc3 g6 4. e4 d6 5. f4 Bg7 6. Nf3 O-O 7. Be2 a6 8. a4 a5 9.
O-O Na6 10. Kh1 Nb4 11. Be3 b6 12. Qd2 Ba6 13. f5 Ng4 14. Bf4 d5 15. e5 c5 16.
Nxd5 Nxd5 17. cxd5 Bxe2 18. Qxe2 Qxd5 19. h3 Nh6 20. f6 exf6 21. exf6 Rfe8 22.
Qd2 g5 23. Bxg5 Nf5 24. fxg7 Ng3+ 25. Kg1 Nxf1 26. Rxf1 Re4 27. Bf6 Rae8 28.
dxc5 Qxc5+ 29. Qf2 Qxf2+ 30. Rxf2 h6 31. Nd4 Kh7 32. Nf5 R4e6 33. Bc3 f6 34. Rf4
h5 35. Rh4 Kg6 36. Ng3 Kxg7 37. Nxh5+ Kf7 38. Nxf6 Rc8 39. Rf4 Kg6 40. Kf2 b5
41. axb5 Rb6 42. Nd5 Rb7 43. b6 Rc5 44. Rf6+ Kh7 45. Rd6 Rb5 46. g4 a4 47. g5
Rxd5 48. Rxd5 Rxb6 49. Ra5 Kg6 50. h4 a3 51. Rxa3 1-0

[Event "Malaysian Open"]
[Site "Kuala Lumpur MAS"]
[Date "2011.08.23"]
[Round "7.3"]
[White "Wen, Yang"]
[Black "Yu, Lie"]
[Result "1-0"]
[WhiteTitle "GM"]
[BlackTitle "IM"]
[WhiteElo "2558"]
[BlackElo "2414"]
[WhiteFideId "8602956"]
[BlackFideId "8603715"]
[EventDate "2011.08.18"]

1. d4 d5 2. c4 e6 3. Nf3 a6 4. e3 Nf6 5. b3 Bb4+ 6. Nbd2 c5 7. Bb2 dxc4 8. bxc4
O-O 9. Bd3 cxd4 10. exd4 b5 11. O-O Bb7 12. Qe2 Bxd2 13. Nxd2 Nc6 14. Rad1 Re8
15. a3 Nxd4 16. Qe5 Nc6 17. Qg3 e5 18. cxb5 Nd4 19. Nc4 Nh5 20. Qg4 g6 21. bxa6
Rxa6 22. Nxe5 Rd6 23. Nxf7 Kxf7 24. Bxd4 Rxd4 25. Bxg6+ hxg6 26. Rxd4 Bd5 27.
Rfd1 Re5 28. f4 Nf6 29. Qh3 Re2 30. Rxd5 Nxd5 31. Qh7+ Ke6 32. Qxg6+ 1-0

[Event "Malaysian Open"]
[Site "Kuala Lumpur MAS"]
[Date "2011.08.23"]
[Round "7.5"]
[White "Gao, Rui"]
[Black "Salvador, Roland"]
[Result "0-1"]
[WhiteTitle "IM"]
[BlackTitle "GM"]
[WhiteElo "2420"]
[BlackElo "2527"]
[WhiteFideId "8602387"]
[BlackFideId "5201047"]
[EventDate "2011.08.18"]

1. e4 c6 2. d4 d5 3. Nc3 dxe4 4. Nxe4 Bf5 5. Ng3 Bg6 6. h4 h6 7. Nf3 Nd7 8. h5
Bh7 9. Bd3 Bxd3 10. Qxd3 e6 11. Bd2 Qc7 12. O-O-O Ngf6 13. Ne4 O-O-O 14. g3 Nxe4
15. Qxe4 Nf6 16. Qe2 c5 17. Kb1 c4 18. c3 Bd6 19. Bc1 Kb8 20. Nd2 Rc8 21. Ne4
Nd5 22. Qf3 Rhd8 23. Nxd6 Rxd6 24. Rh4 Ka8 25. Rg4 f5 26. Rg6 Qf7 27. Qe2 Rb6
28. Qf3 Ne7 29. Rg4 Qxh5 30. Rf4 Qe8 31. Rh4 Nd5 32. Rhh1 Qa4 33. Ka1 Ra6 34. a3
Qb3 35. Qe2 Rcc6 36. Qh5 Rc8 37. Rd2 Rxa3+ 0-1

[Event "Malaysian Open"]
[Site "Kuala Lumpur MAS"]
[Date "2011.08.23"]
[Round "7.8"]
[White "Barbosa, Oliver"]
[Black "Jia, Haoxiang"]
[Result "1-0"]
[WhiteTitle "IM"]
[WhiteElo "2514"]
[BlackElo "2369"]
[WhiteFideId "5201640"]
[BlackFideId "8602999"]
[EventDate "2011.08.18"]

1. d4 d5 2. Nf3 Nf6 3. c4 c6 4. e3 Bf5 5. Nc3 e6 6. Nh4 Bg6 7. Nxg6 hxg6 8. a3
Nbd7 9. g3 Be7 10. b3 O-O 11. Bg2 a6 12. O-O b5 13. Re1 Rc8 14. c5 e5 15. f4 e4
16. b4 a5 17. bxa5 Qxa5 18. Bd2 Qc7 19. a4 bxa4 20. Qxa4 Rb8 21. Reb1 Rxb1+ 22.
Rxb1 Rb8 23. Rxb8+ Qxb8 24. Qxc6 Qb2 25. Qa8+ Kh7 26. Qa2 Qb7 27. h3 Nxc5 28.
dxc5 Bxc5 29. Kh2 d4 30. exd4 Bxd4 31. Qb1 Qd7 32. Nxe4 Nxe4 33. Qxe4 1-0

[Event "Malaysian Open"]
[Site "Kuala Lumpur MAS"]
[Date "2011.08.23"]
[Round "7.9"]
[White "Bitoon, Richard"]
[Black "Ikeda, Junta"]
[Result "1-0"]
[WhiteTitle "IM"]
[BlackTitle "FM"]
[WhiteElo "2491"]
[BlackElo "2349"]
[WhiteFideId "5201110"]
[BlackFideId "3204731"]
[EventDate "2011.08.18"]

1. Nf3 e6 2. d4 Nf6 3. g3 b5 4. a4 b4 5. Bg2 Bb7 6. O-O c5 7. c3 d5 8. Bf4 cxd4
9. Nxd4 Nbd7 10. Nc2 bxc3 11. Nxc3 a5 12. Nb5 e5 13. Bg5 h6 14. Bxf6 Nxf6 15.
Ne3 Rc8 16. Qb3 Ba8 17. Rfd1 d4 18. Bxa8 Rxa8 19. Rac1 Rc8 20. Nc4 Rc5 21. Nxe5
Rxe5 22. Rxd4 Nd7 23. Nc7+ Ke7 24. Qa3+ Kf6 25. Rc6+ Re6 26. Nd5+ Kg5 27. h4+
Kg6 28. Qd3+ 1-0

[Event "Malaysian Open"]
[Site "Kuala Lumpur MAS"]
[Date "2011.08.23"]
[Round "7.10"]
[White "Nguyen, Duc Hoa"]
[Black "Sharma, Dinesh K."]
[Result "1-0"]
[WhiteTitle "IM"]
[BlackTitle "IM"]
[WhiteElo "2452"]
[BlackElo "2350"]
[WhiteFideId "12401358"]
[BlackFideId "5004110"]
[EventDate "2011.08.18"]

1. Nf3 Nf6 2. g3 g6 3. Bg2 Bg7 4. O-O O-O 5. d4 d6 6. c4 Nc6 7. Nc3 Bf5 8. d5
Na5 9. Nd4 Bd7 10. Qd3 Ng4 11. f4 c6 12. h3 Qb6 13. Rd1 Ne5 14. fxe5 dxe5 15. b4
exd4 16. bxa5 Qxa5 17. Ne4 cxd5 18. cxd5 f5 19. Nf2 Bb5 20. Qf3 d3 21. Bd2 Qa4
22. exd3 Bxa1 23. Rxa1 Qc2 24. Qe3 Qc7 25. Bb4 Qd7 26. Bxe7 Rfe8 27. Re1 Rxe7
28. Qxe7 Re8 29. Qxe8+ 1-0

[Event "Malaysian Open"]
[Site "Kuala Lumpur MAS"]
[Date "2011.08.23"]
[Round "7.11"]
[White "Nolte, Rolando"]
[Black "Pitra, Andika"]
[Result "1-0"]
[WhiteTitle "IM"]
[WhiteElo "2433"]
[BlackElo "2303"]
[WhiteFideId "5200636"]
[BlackFideId "7103255"]
[EventDate "2011.08.18"]

1. e4 c5 2. Nf3 d6 3. d4 cxd4 4. Nxd4 Nf6 5. Nc3 a6 6. Be3 e6 7. f3 Be7 8. Qd2
Nc6 9. O-O-O O-O 10. g4 Nxd4 11. Bxd4 b5 12. g5 Nd7 13. h4 Bb7 14. Kb1 Rc8 15.
a3 Ne5 16. Qe3 Nc4 17. Bxc4 Rxc4 18. Rhg1 b4 19. axb4 Rxb4 20. Bc5 Rc4 21. Ba3
Qc7 22. Rd3 Rc6 23. Rgd1 Rc8 24. f4 Bf8 25. h5 Qa5 26. h6 Rb6 27. hxg7 Bxg7 28.
e5 Bf8 29. Bxd6 Bc6 30. Ne4 Bxe4 31. Qxe4 Bxd6 32. Rxd6 Rcb8 33. Rxb6 Qxb6 34.
b3 Qb4 35. Rd4 Qc5 36. Rd3 Qg1+ 37. Kb2 Qf1 38. Rf3 Qg2 39. Re3 Qf1 40. Re1 Qb5
41. Rh1 Kf8 42. Rxh7 1-0

[Event "Malaysian Open"]
[Site "Kuala Lumpur MAS"]
[Date "2011.08.23"]
[Round "7.12"]
[White "Udani, Ian"]
[Black "Yu, Ruiyuan"]
[Result "0-1"]
[WhiteElo "2307"]
[BlackElo "2431"]
[WhiteFideId "5206243"]
[BlackFideId "8603090"]
[EventDate "2011.08.18"]

1. d4 d5 2. c4 c6 3. Nf3 Nf6 4. Nc3 dxc4 5. e3 b5 6. a4 b4 7. Ne2 e6 8. Ng3 Be7
9. Bxc4 O-O 10. O-O Bb7 11. e4 c5 12. e5 Nd5 13. dxc5 Nd7 14. Qd4 Bxc5 15. Qg4
Ne7 16. Nh5 Ng6 17. Bf4 Bxf3 18. gxf3 Qh4 19. Rae1 Bd4 20. b3 Ndxe5 21. Bxe5
Qxg4+ 22. fxg4 Nxe5 23. Be2 Rac8 24. Kg2 Rc3 25. Rd1 Bb6 26. f4 Rc2 27. fxe5
Rxe2+ 28. Kg3 Rxe5 29. Rd7 Re3+ 30. Rf3 Rc3 31. h4 e5 32. Re7 Bc5 33. Rxc3 bxc3
34. Rc7 Bb4 35. Kf3 h6 36. g5 hxg5 37. hxg5 Rd8 38. Ke4 Kh7 39. Ng3 Kg6 40. Nf5
Kxg5 41. Nxg7 Rd4+ 42. Ke3 Kg6 0-1

[Event "Malaysian Open"]
[Site "Kuala Lumpur MAS"]
[Date "2011.08.23"]
[Round "7.13"]
[White "Irwanto, Sadikin"]
[Black "Morris, James"]
[Result "1/2-1/2"]
[WhiteTitle "IM"]
[BlackTitle "IM"]
[WhiteElo "2417"]
[BlackElo "2300"]
[WhiteFideId "7100590"]
[BlackFideId "3205800"]
[EventDate "2011.08.18"]

1. d4 c5 2. d5 g6 3. Nf3 Nf6 4. c4 Bg7 5. Nc3 O-O 6. e4 d6 7. Be2 e6 8. O-O exd5
9. exd5 Na6 10. Bf4 Nc7 11. Nd2 Re8 12. Qc2 Nfxd5 13. cxd5 Bxc3 14. Nc4 Be5 15.
Bxe5 dxe5 16. Ne3 b6 17. Rac1 Bb7 18. Rfd1 a5 19. Qb3 Rb8 20. Bf1 Bc8 21. Rxc5
Bg4 22. Rxc7 Bxd1 23. Qc4 Ba4 24. Ng4 Kg7 25. Qc1 h5 26. Qh6+ Kg8 27. Qxg6+ fxg6 1/2-1/2

[Event "Malaysian Open"]
[Site "Kuala Lumpur MAS"]
[Date "2011.08.23"]
[Round "7.14"]
[White "Wang, Jue"]
[Black "Zhang, Xiaowen"]
[Result "1-0"]
[BlackTitle "WGM"]
[WhiteElo "2294"]
[BlackElo "2389"]
[WhiteFideId "8604070"]
[BlackFideId "8603219"]
[EventDate "2011.08.18"]

1. e4 c5 2. Nf3 e6 3. d4 cxd4 4. Nxd4 a6 5. Bd3 g6 6. Nc3 Bg7 7. Nf3 Nc6 8. Bf4
Qb6 9. Rb1 Nge7 10. O-O d5 11. exd5 exd5 12. Re1 O-O 13. h3 Be6 14. Ng5 Rad8 15.
Qd2 Bf5 16. Bf1 Qa5 17. g4 Be6 18. b4 Nxb4 19. Nxe6 fxe6 20. Rxe6 Nec6 21. Ne2
d4 22. Rxc6 Nxc6 23. Qxa5 Nxa5 24. Bc7 Rc8 25. Bxa5 Rxc2 26. Rxb7 d3 27. Ng3 Bd4
28. Ne4 Rxa2 29. Bb4 d2 30. Bxd2 Bxf2+ 31. Kg2 Kh8 32. Bc4 Rc2 33. Bb3 Rxd2 34.
Nxd2 Bd4 35. Nf3 Be3 36. Ne5 Rf2+ 37. Kg3 Rf1 38. Rb8+ Kg7 39. Rg8+ 1-0

[Event "Malaysian Open"]
[Site "Kuala Lumpur MAS"]
[Date "2011.08.23"]
[Round "7.16"]
[White "Gasanov, Eldar"]
[Black "Lee, Kai Jie Edward"]
[Result "1-0"]
[WhiteTitle "GM"]
[WhiteElo "2472"]
[BlackElo "2008"]
[WhiteFideId "14104466"]
[BlackFideId "5802920"]
[EventDate "2011.08.18"]

1. d4 d5 2. c4 e6 3. Nc3 Nf6 4. Bg5 Be7 5. e3 h6 6. Bh4 Ne4 7. Bxe7 Qxe7 8. cxd5
Nxc3 9. bxc3 exd5 10. Qb3 c6 11. c4 dxc4 12. Bxc4 b5 13. Bd3 Be6 14. Qc2 Bd5 15.
Ne2 O-O 16. O-O Re8 17. Nf4 Be4 18. Rac1 a5 19. Rfd1 a4 20. Bxe4 Qxe4 21. Qxe4
Rxe4 22. d5 cxd5 23. Rc8+ Kh7 24. Nxd5 Rc4 25. Rd8 Rc6 26. Rb1 a3 27. g3 h5 28.
Rxb5 Rc1+ 29. Kg2 Rd1 30. Nf6+ gxf6 31. Rxd1 Na6 32. Rxh5+ Kg6 33. Ra5 Nc7 34.
Rxa8 1-0

[Event "Malaysian Open"]
[Site "Kuala Lumpur MAS"]
[Date "2011.08.23"]
[Round "7.17"]
[White "Chen, Yibo"]
[Black "Vakhidov, Jahongir"]
[Result "0-1"]
[WhiteElo "2152"]
[BlackElo "2392"]
[WhiteFideId "8605815"]
[BlackFideId "14201801"]
[EventDate "2011.08.18"]

1. d4 Nf6 2. c4 c5 3. d5 e5 4. Nc3 d6 5. e4 Be7 6. Bd3 Nbd7 7. f4 exf4 8. Bxf4
h5 9. h3 h4 10. Be2 a6 11. Qd3 Ne5 12. Bxe5 dxe5 13. Bf3 Qd6 14. Nge2 Bd7 15.
Nd1 Bd8 16. Ne3 Ba5+ 17. Nc3 O-O-O 18. O-O-O g6 19. Rhf1 Rdf8 20. Ne2 Bd8 21.
Kb1 Kb8 22. Ka1 Ng8 23. Bg4 Ba4 24. Rb1 Nh6 25. Nc1 Bg5 26. b3 Be8 27. Bf3 f5
28. Ne2 Bf6 29. Nc3 Bd7 30. a3 g5 31. exf5 e4 32. Bxe4 Re8 33. Nd1 g4 34. Ka2
gxh3 35. gxh3 Rhg8 36. Ne2 Nf7 37. Ndc3 Qe5 38. Qc2 Nd6 39. Bd3 Rg2 40. Rg1 Rxg1
41. Rxg1 Nxf5 42. Ne4 Bh8 43. Nxc5 Bc8 44. Ne4 Rg8 45. Rc1 Rg2 46. N4c3 Nd4 47.
Qd2 Bf5 48. Rf1 Nxe2 49. Bxe2 Qxc3 0-1